| 000 | 00351nam a2200133Ia 4500 | ||
|---|---|---|---|
| 008 | 240624s9999 xx 000 0 und d | ||
| 041 | _aeng | ||
| 082 | _a333.7 HUI | ||
| 100 | _aHUISMAN RONALD | ||
| 245 | _aINTRODUCTION TO MODELS FOR THE ENERGY MA | ||
| 260 |
_c2009 _aLondon _bRisk Books |
||
| 300 | _axvii, : 136 : p. : cm. ; 23 | ||
| 365 |
_cGBP _b50 |
||
| 999 |
_c27306 _d27306 |
||